| 000 | 01246cam a22003257a 4500 | ||
|---|---|---|---|
| 003 | CHAP | ||
| 005 | 20220329133517.0 | ||
| 008 | 971013s1992 r 00010 d | ||
| 010 | _a7209 | ||
| 011 | _a8181 | ||
| 035 | _a7406 | ||
| 040 | _cCHAP | ||
| 082 |
_a338.083 M49c 1989 I _bM. |
||
| 110 |
_aInstituto Nacional de Estadística, Geografía e Informática. México _959304 |
||
| 245 | 0 | _aCenso industrial (13o.): resultados definitivos : industria manufacturera | |
| 260 |
_aAguascalientes, Ags. : _bInstituto Nacional de Estadística, Geografía e Informática, _c1992 |
||
| 300 | _a728 p. | ||
| 590 |
_aBATCH-UPD _b10 _c20130110 _lUCH01 _h1957 |
||
| 590 |
_aBATCH-UPD _b10 _c20130410 _lUCH01 _h1318 |
||
| 590 |
_aBATCH-UPD _b10 _c20130914 _lUCH01 _h1633 |
||
| 590 |
_aCONVERSION _b10 _c20130109 _lUCH01 _h1305 |
||
| 650 | 1 | 4 |
_aIndustria _xEstadísticas. _957704 |
| 650 | 1 | 4 |
_aIndustria _xEstadísticas _zMéxico. _957721 |
| 650 | 1 | 4 |
_aIndustrias manufactureras. _958008 |
| 790 | _aCensos económicos 1989 | ||
| 901 | _aBK | ||
| 942 | _cLIBRO | ||
| 949 |
_a338.083 M49c 1989 I.M. _bBC _cINEGI _d33724000549424 _eINEGI _gI. c/e _h83137 _i7406 _sb |
||
| 949 |
_a338.083 M49c 1989 I.M. _bBC _cINEGI _d33724000842480 _eINEGI _fc.2 _gDonaciØn _h100522 _i7406 _sb |
||
| 999 |
_c7209 _d7209 |
||